000 00938nam a22002417a 4500
999 _c101094
_d101094
005 20230530155322.0
010 _a1617EN ENG-115294 ENG-137057
020 _a9789351866077
_c350.00
035 _aEN-98826 EN-120589
035 _aB-647904-933
035 _aB-667801
037 _bprabhat
037 _bDBAD/PUB
_adpl
082 _a613.7
100 _aChaturvedi,Anil
245 _a101 weight loss tips /
_bby Anil Chaturvedi
260 _aNew Delhi
_bPrabhat Prakashan
_c2016
270 _a4/19,Asaf Ali Road
_bNew Delhi
_e110002
300 _a240p. :
_bill
_c22cm(Hb)
942 _2ddc
_cEN
_h613.7
_mCHA